Silla de ruedas (Registro nro. 11450)
[ vista simple ]
| 000 -LÍDER | |
|---|---|
| fixed length control field | 00441nom a22001697a 4500 |
| 005 - FECHA DE ÚLTIMA TRANSACCION | |
| control field | 20220608180438.0 |
| 008 - ELEMENTOS DE DATOS - INFORMACIÓN GENERAL | |
| fixed length control field | 181213b xxu||||| |||| 00| 0 spa d |
| 041 ## - CÓDIGO DE LENGUAJE | |
| Código de idioma de texto / pista de sonido o título separado | spa |
| 082 ## - NÚMERO DE ACTIVO | |
| N° Activo | Silla de ruedas |
| 245 ## - TÍTULO | |
| Título | Silla de ruedas |
| 260 ## - PUBLICACIÓN , DISTRIBUCIÓN, ETC. (PIE DE IMPRENTA ) | |
| Fecha de adqusición | 2018 |
| 500 ## - NOTA GENERAL | |
| Nota general | Se prestan para el mismo día, hasta las 7:50 pm |
| 650 ## - ASIENTO SECUNDARIO DE MATERIA - TÉRMINO DE MATERIA | |
| Término temático | SILLA DE RUEDAS |
| 650 ## - ASIENTO SECUNDARIO DE MATERIA - TÉRMINO DE MATERIA | |
| Término temático | TRANSPORTE |
| 650 ## - ASIENTO SECUNDARIO DE MATERIA - TÉRMINO DE MATERIA | |
| Término temático | MODELOS ANATÓMICOS |
| 942 ## - AÑADIDO ENTRADA ELEMENTOS ( Koha ) | |
| Koha tipo de ítem | Modelo Anatómico |
| Withdrawn status | Estado | Estado físico | Not for loan | Precio de compra | Total Checkouts | Clasificación | Número de inscripción | Date last seen | Date checked out | Tipo de ítem | Total Renewals | Price effective from |
|---|---|---|---|---|---|---|---|---|---|---|---|---|
| 120000.00 | 29 | Silla de ruedas | ACT-8666 | 21/04/2025 | 21/04/2025 | Modelo Anatómico | ||||||
| 120000.00 | 82 | Silla de ruedas | ACT-8667 | 26/03/2026 | 16/03/2026 | Modelo Anatómico | ||||||
| 120000.00 | 62 | Silla de ruedas | ACT-8668 | 24/04/2026 | 23/04/2026 | Modelo Anatómico | 1 | |||||
| 120000.00 | 64 | Silla de ruedas | ACT-8669 | 02/03/2026 | 02/03/2026 | Modelo Anatómico | ||||||
| 68000.00 | 55 | Silla de ruedas | ACT-8967 | 02/06/2026 | 01/06/2026 | Modelo Anatómico | 10/09/2019 | |||||
| 68000.00 | 63 | Silla de ruedas | ACT-8968 | 24/04/2026 | 23/04/2026 | Modelo Anatómico | 10/09/2019 |